Cartilla Laboral / (Registro nro. 28632)

Detalles MARC
000 -LEADER
fixed length control field 01200nam a2200253Ia 4500
003 - CONTROL NUMBER IDENTIFIER
control field CO-CtgCURN
005 - DATE AND TIME OF LATEST TRANSACTION
control field 20250408231151.0
008 - FIXED-LENGTH DATA ELEMENTS--GENERAL INFORMATION
fixed length control field 190723s2009 xx 000 0 und d
020 ## - INTERNATIONAL STANDARD BOOK NUMBER
International Standard Book Number 9789586537582
040 ## - CATALOGING SOURCE
Original cataloging agency CO-CtgCURN
Language of cataloging spa
Transcribing agency coctgcurn
082 ## - DEWEY DECIMAL CLASSIFICATION NUMBER
Classification number 344.01
Item number C327
110 ## - MAIN ENTRY--CORPORATE NAME
Corporate name or jurisdiction name as entry element Legis
9 (RLIN) 9155
245 #0 - TITLE STATEMENT
Title Cartilla Laboral /
Statement of responsibility, etc. Legis
250 ## - EDITION STATEMENT
Edition statement 23 edición
260 ## - PUBLICATION, DISTRIBUTION, ETC.
Place of publication, distribution, etc. Bogotá, Colombia :
Name of publisher, distributor, etc. Legis,
Date of publication, distribution, etc. 2009
300 ## - PHYSICAL DESCRIPTION
Extent 229 páginas ;
Dimensions 27 centímetros
500 ## - GENERAL NOTE
General note Incluye índice
505 ## - FORMATTED CONTENTS NOTE
Formatted contents note Sistema de protección social -- Selección y contratación de personal -- Contrato de trabajo -- Intermediación laboral, empresas de servicios temporales y cooperativas de trabajo asociado -- Obligaciones del empleador -- Acoso laboral -- Aportes parafiscales -- Ministerio de Protección Social -- Salario -- Prestaciones sociales -- Terminación del contrato de trabajo -- Trabajadores con regímenes especiales -- Minutas, modelos y datos variables.
521 ## - TARGET AUDIENCE NOTE
Target audience note AREA PROFESIONAL
590 ## - LOCAL NOTE (RLIN)
Local note Programa de Derecho_18
650 ## - SUBJECT ADDED ENTRY--TOPICAL TERM
Topical term or geographic name entry element Derecho laboral
9 (RLIN) 9156
942 ## - ADDED ENTRY ELEMENTS (KOHA)
Koha item type Libros
Classification part 344.01
Item part C327
Source of classification or shelving scheme Dewey Decimal Classification
Suppress in OPAC No
Existencias
Withdrawn status Lost status Source of classification or shelving scheme Damaged status Not for loan Home library Current library Shelving location Date acquired Inventory number Total checkouts Full call number Barcode Date last seen Copy number Price effective from Koha item type
    Dewey Decimal Classification     Miguel Henríquez Castañeda Barranquilla Miguel Henríquez Castañeda Barranquilla General 05/23/2018 03260   344.01 C327 03260 07/23/2019 ej.1 07/23/2019 Libros